000 00404nam a2200157Ia 4500
005 20250509035222.0
008 240331s9999 xx 000 0 und d
020 _a9559525530
082 _a100
_bJAY
100 _aJayasekara, K
245 0 _aPletogo sahithya sankalpa ha nirmana
260 _aKelaniya
_bUniversity of Kelaniya
_c1994
300 _a148 p .,
500 _aPhilosophy of Pilato
942 _cL
999 _c688
_d688